[Event "Challenge"]
[Site "http://www.queenalice.com/game.php?id=877534"]
[Date "2010.12.27"]
[Round "-"]
[White "Mulder"]
[Black "kadallinn"]
[Result "0-1"]
[WhiteElo "1294"]
[BlackElo "1563"]

1. e4 c5 2. Nf3 Nc6 3. d4 cxd4 4. Nxd4 e6 5. Qg4 Nxd4 6. e5 Nxc2+ 7. Kd1 Nxa1 8.
Nc3 d5 9. Qa4+ Bd7 10. Bb5 Qb8 11. Bxd7+ Kd8 12. f4 Qc7 13. b3 Qxc3 14. Bd2 Qc2+
0-1

[Event "Challenge"]
[Site "http://www.queenalice.com/game.php?id=879721"]
[Date "2011.1.1"]
[Round "-"]
[White "wvulcanis"]
[Black "kadallinn"]
[Result "1-0"]
[WhiteElo "1670"]
[BlackElo "1568"]

1. d4 e6 2. e4 d5 3. e5 Nc6 4. Nf3 Bb4+ 5. Bd2 Nge7 6. Ng5 O-O 7. Bd3 Nf5 8.
Bxf5 exf5 9. c3 Ba5 10. b4 Bb6 11. Qh5 h6 12. Nh3 Nxd4 13. cxd4 Bxd4 14. Bc3
Bxc3+ 15. Nxc3 d4 16. Nb1 b6 17. O-O Qd5 18. f4 Bb7 19. Rf2 a5 20. bxa5 Rxa5 21.
Nd2 Rxa2 22. Rxa2 Qxa2 23. Nf3 Qc4 24. Qxf5 Ba6 25. g4 f6 26. Nh4 d3 27. Qg6
Qc1+ 28. Rf1 Qe3+ 29. Nf2 d2 30. Nf5 Rf7 31. Nxe3 Rd7 32. Qe8+ Kh7 33. Qxd7 d1=Q
34. Rxd1 1-0

[Event "Challenge"]
[Site "http://www.queenalice.com/game.php?id=884588"]
[Date "2011.1.11"]
[Round "-"]
[White "kadallinn"]
[Black "beejay"]
[Result "1-0"]
[WhiteElo "1551"]
[BlackElo "1805"]

1. e4 e5 2. Nc3 Bc5 3. Bc4 Qg5 4. d3 Qxg2 5. Qf3 Qxf3 6. Nxf3 d6 7. Nd5 Bb6 8.
Bg5 h6 9. Be3 c5 10. O-O-O Be6 11. Rhg1 g5 12. h4 g4 13. Nxb6 axb6 14. Bxe6 fxe6
15. Rxg4 Nc6 16. Bxh6 Nb4 17. Rdg1 Nf6 18. Rg6 Rxa2 19. Kd2 Nh5 20. Rxe6+ Kd7
21. Reg6 Rxb2 22. Bg7 Rxc2+ 23. Ke3 Nf4 24. Nxe5+ Kc7 25. Bxh8 dxe5 26. Bxe5+
Kc8 27. Bxf4 b5 28. Rg8+ Kd7 29. R1g7+ Kc6 30. Rg6+ Kd7 31. R8g7+ Ke8 32. Rh7
Kf8 33. Bd6+ Ke8 34. Rg8# 1-0

[Event "Challenge"]
[Site "http://www.queenalice.com/game.php?id=884590"]
[Date "2011.1.11"]
[Round "-"]
[White "beejay"]
[Black "kadallinn"]
[Result "1-0"]
[WhiteElo "1779"]
[BlackElo "1549"]

1. e4 e5 2. Qf3 Nf6 3. Bc4 Bc5 4. Bxf7+ Kxf7 5. Nh3 Re8 6. Ng5+ Kg8 7. d3 Nc6 8.
Be3 Nd4 9. Bxd4 Bxd4 10. c3 Nxe4 11. Qf7+ Kh8 12. Qh5 Bxf2+ 13. Kd1 Nxg5 14. h4
Ne6 15. Rf1 Rf8 16. Nd2 Nf4 17. Qxe5 Nxd3 18. Qe2 Nxb2+ 19. Kc2 Na4 20. Rxf2 d5
21. Rxf8+ Qxf8 22. Rf1 Bf5+ 23. Kb3 Nc5+ 24. Kb2 Nd3+ 25. Ka1 Qa3 26. Nb3 d4 27.
Rxf5 dxc3 28. Qc2 Nb4 29. Qf2 Nd3 30. Qc2 Rd8 31. Qxc3 Nb4 32. Qd2 Nd5 33. Rxd5
Re8 34. Nc5 Kg8 35. Rd8 Rf8 36. Ne6 Rxd8 37. Qxd8+ Kf7 38. Qd7+ Qe7 39. Ng5+ Kf6
40. Qd4+ Qe5 41. Nxh7+ Kf5 42. g4+ 1-0

[Event "Let's Play Chess!"]
[Site "http://www.queenalice.com/game.php?id=884678"]
[Date "2011.1.12"]
[Round "-"]
[White "kadallinn"]
[Black "vitte10"]
[Result "0-1"]
[WhiteElo "1551"]
[BlackElo "1915"]

1. e4 c5 2. Nf3 d6 3. d4 cxd4 4. Nxd4 Nf6 5. f3 e5 6. Nf5 a6 7. Bg5 h6 8. Be3 d5
9. c3 Nc6 10. Bd3 g6 11. Ng3 d4 12. cxd4 exd4 13. Bf4 Bb4+ 14. Kf2 Qb6 15. Rf1
g5 16. Bd6 Bxd6 17. Nf5 Bxf5 18. exf5 O-O 19. Kg1 Qxb2 20. Nd2 Nd5 21. Nc4 Qb4
22. Nxd6 Qxd6 23. Qd2 Ne5 24. Be2 Ne3 25. Rfc1 Nxf5 26. Rab1 b5 27. a4 bxa4 28.
Qb4 Qxb4 29. Rxb4 d3 30. Bd1 a3 31. Ra4 Ne3 32. Bb3 d2 33. Ra1 Rab8 34. R4xa3
Rfc8 35. Kf2 Rc1 36. Kxe3 Rxb3+ 37. Kxd2 Rxa3 38. Rxc1 Nxf3+ 39. gxf3 Rxf3 40.
Rc6 Rf2+ 41. Ke3 Rxh2 0-1

[Event "Challenge"]
[Site "http://www.queenalice.com/game.php?id=887289"]
[Date "2011.1.17"]
[Round "-"]
[White "kadallinn"]
[Black "Mulder"]
[Result "0-1"]
[WhiteElo "1577"]
[BlackElo "1325"]

1. e4 d5 2. Nc3 d4 3. Nd5 c6 4. Nf4 e5 5. Nd3 Nf6 6. Nf3 Nxe4 7. Nfxe5 Bd6 8.
Qh5 Be6 9. Nf4 Nf6 10. Qg5 Rg8 11. Nxe6 fxe6 12. Ng4 Nxg4 13. Qxg4 Qf6 14. Bc4
Kd8 15. O-O Rf8 16. Bxe6 Ke8 17. d3 a5 18. Bg5 Qe5 19. Bc8 Qxh2# 0-1

[Event "Challenge"]
[Site "http://www.queenalice.com/game.php?id=887651"]
[Date "2011.1.18"]
[Round "-"]
[White "kadallinn"]
[Black "plot24"]
[Result "0-1"]
[WhiteElo "1556"]
[BlackElo "1836"]

1. e4 e5 2. Nf3 Nc6 3. Bc4 Be7 4. Nc3 d6 5. d3 Nf6 6. Ng5 O-O 7. Nd5 Na5 8. Nxc7
Qxc7 9. Bd5 Rb8 10. O-O b5 11. Qf3 Qxc2 12. Qg3 Nxd5 13. exd5 Bxg5 14. Bxg5 Bf5
15. Be7 Qxd3 16. Qh4 Qxd5 17. Rad1 Qxa2 18. Rxd6 Rfe8 19. Bf6 Re6 20. Bxe5 Rxd6
21. Bxd6 Re8 22. Bb4 Nc4 23. Re1 Ne5 24. Bc3 Qd5 25. Qd4 Qxd4 26. Bxd4 Nf3+ 27.
gxf3 Rxe1+ 28. Kg2 a5 29. Bc3 Ra1 30. b3 Ra3 31. Kg3 b4 32. Bb2 Rxb3 0-1

[Event "Challenge"]
[Site "http://www.queenalice.com/game.php?id=895575"]
[Date "2011.2.3"]
[Round "-"]
[White "kadallinn"]
[Black "beejay"]
[Result "1-0"]
[WhiteElo "1525"]
[BlackElo "1783"]

1. e4 e5 2. Nf3 Nc6 3. Nc3 Nf6 4. Bc4 Bc5 5. Ng5 O-O 6. d3 h6 7. Nxf7 Rxf7 8.
Bxf7+ Kxf7 9. O-O d5 10. Nxd5 Be6 11. Nxf6 Qxf6 12. c3 Kg8 13. d4 Bd6 14. b4
exd4 15. cxd4 Nxd4 16. Bb2 Qh4 17. g3 Qh3 18. Qxd4 Bf8 19. Rac1 Bg4 20. Rxc7 Bd7
21. Rxd7 Qg4 22. Rxb7 Re8 23. f3 Qg6 24. Rxa7 Rc8 25. Rc1 Rd8 26. Qxd8 Qh5 27.
Rxg7+ Kh8 28. Qxf8# 1-0

[Event "Challenge"]
[Site "http://www.queenalice.com/game.php?id=895576"]
[Date "2011.2.3"]
[Round "-"]
[White "beejay"]
[Black "kadallinn"]
[Result "0-1"]
[WhiteElo "1757"]
[BlackElo "1551"]

1. e4 c5 2. e5 Nc6 3. Nf3 d6 4. Qe2 Bg4 5. h3 Nd4 6. Qc4 Bxf3 7. gxf3 dxe5 8.
Bg2 b5 9. Qxc5 Rc8 10. Qxe5 f6 11. Qe4 Nxc2+ 12. Kd1 Nxa1 13. Nc3 e5 14. Qb7 b4
15. f4 bxc3 16. Bc6+ Rxc6 17. Qxc6+ Kf7 18. Qxc3 Qd4 19. Qc7+ Ne7 20. fxe5 fxe5
21. Re1 Kf6 22. f3 Nd5 23. Qd8+ Kf7 24. Qd7+ Be7 25. Qf5+ Bf6 26. f4 Nxf4 27. h4
Ng2 28. Rh1 Ne3+ 29. Ke2 Nxf5 30. d3 Ng3+ 31. Kd2 Qf2+ 32. Kd1 Qc2+ 0-1

[Event "Challenge"]
[Site "http://www.queenalice.com/game.php?id=895700"]
[Date "2011.2.4"]
[Round "-"]
[White "kadallinn"]
[Black "augustoluizheck"]
[Result "0-1"]
[WhiteElo "1542"]
[BlackElo "1511"]

1. e4 e6 2. Nc3 c5 3. Nf3 Nc6 4. Bb5 a6 5. Bc4 b5 6. Bd3 Bb7 7. e5 Qc7 8. Ne4
Nb4 9. Nd6+ Bxd6 10. exd6 Qxd6 11. O-O Nxd3 12. cxd3 Qxd3 13. Ne5 Qf5 14. d4 d6
15. Qc2 Qxc2 16. Bg5 Qe4 17. Rae1 Qxg2# 0-1

[Event "Let's Play Chess!"]
[Site "http://www.queenalice.com/game.php?id=902921"]
[Date "2011.2.19"]
[Round "-"]
[White "kadallinn"]
[Black "adelio"]
[Result "0-1"]
[WhiteElo "1575"]
[BlackElo "1599"]

1. e4 b6 2. e5 e6 3. d4 d5 4. Nf3 h6 5. Bd3 a6 6. Nc3 b5 7. a4 c6 8. b3 b4 9.
Nxd5 exd5 10. O-O Be6 11. c4 c5 12. cxd5 Bxd5 13. Qe2 Be6 14. Bd2 Bxb3 15. Rac1
Nd7 16. e6 fxe6 17. Ne5 Nxe5 18. dxe5 Ne7 19. Rxc5 Bxa4 20. Bxa6 Kf7 21. Bxb4
Qb6 22. Qf3+ Nf5 23. Qxa8 Qxb4 24. Qa7+ Be7 25. Rfc1 Kg6 26. Bc8 Bxc5 27. Qxc5
Qxc5 28. Rxc5 Rd8 29. g4 Nh4 30. f4 Nf3+ 31. Kg2 Nd4 32. Rc4 Bc6+ 33. Kh3 Bb5
34. Rc7 Bf1+ 35. Kg3 h5 36. g5 Nf5+ 37. Kf3 Nh4+ 38. Ke3 Nf5+ 39. Ke4 Bg2# 0-1

[Event "Let's Play Chess!"]
[Site "http://www.queenalice.com/game.php?id=902922"]
[Date "2011.2.19"]
[Round "-"]
[White "lafasouza"]
[Black "kadallinn"]
[Result "1-0"]
[WhiteElo "1732"]
[BlackElo "1551"]

1. e4 e5 2. Nf3 Nc6 3. Bc4 Qe7 4. Nc3 Nf6 5. Ng5 d5 6. exd5 Nd4 7. d3 Ng4 8.
Nge4 Qb4 9. a3 Qb6 10. h3 Bc5 11. hxg4 O-O 12. g5 Bf5 13. Nxc5 Qxc5 14. b4 Nf3+
15. Qxf3 Qd4 16. Bb2 Bg4 17. Qe4 Rae8 18. O-O f5 19. Qxd4 exd4 20. Nb5 Re2 21.
Nxd4 Rd2 22. Ne6 Re8 23. Nxc7 Ree2 24. d6+ Kf8 25. d7 Ke7 26. d4 Kxd7 27. Bxe2
Rxe2 28. Nb5 Rxc2 29. Bc1 Be2 30. Nxa7 h6 31. gxh6 gxh6 32. Re1 f4 33. Bxf4 Rc4
34. Rxe2 Rxd4 35. Rd2 1-0

[Event "Challenge"]
[Site "http://www.queenalice.com/game.php?id=905796"]
[Date "2011.2.26"]
[Round "-"]
[White "beejay"]
[Black "kadallinn"]
[Result "1-0"]
[WhiteElo "1700"]
[BlackElo "1560"]

1. e4 e5 2. Nf3 Nf6 3. Nc3 Nc6 4. Bc4 Bc5 5. Ng5 O-O 6. O-O d6 7. d3 Nd4 8. Be3
Bg4 9. Qd2 c6 10. f4 Qb6 11. Bxd4 Bxd4+ 12. Kh1 Be3 13. Qe1 Bxf4 14. Na4 Qd8 15.
Nf3 b5 16. Bb3 bxa4 17. Bxa4 Qb6 18. Qc3 d5 19. Nxe5 Be2 20. Rxf4 Nh5 21. Nd7
Qe3 22. Rh4 Ng3+ 23. hxg3 Qxg3 24. Rh3 Qf2 25. Bxc6 Rac8 26. Nxf8 Bg4 27. Rxh7
Kxf8 28. Qxg7+ Ke7 29. Qe5+ Be6 30. Bxd5 Qc5 31. Rxf7+ Ke8 32. Qxe6+ Kd8 33.
Qd7# 1-0

[Event "Challenge"]
[Site "http://www.queenalice.com/game.php?id=912562"]
[Date "2011.3.14"]
[Round "-"]
[White "kadallinn"]
[Black "beejay"]
[Result "0-1"]
[WhiteElo "1573"]
[BlackElo "1687"]

1. e4 e5 2. Bc4 Qf6 3. Nc3 Bc5 4. Nf3 Nc6 5. d3 Na5 6. Nb5 Qb6 7. Nxe5 Bxf2+ 8.
Kf1 Bh4 9. Ng4 h5 10. g3 hxg4 11. gxh4 Rxh4 12. Qe1 d6 13. Qxh4 Bd7 14. Qh8
O-O-O 15. Bg5 f6 16. Qxg7 a6 17. Bxg8 Qxb5 18. Bxf6 Re8 19. Rg1 Rxe4 20. Qf8+
Be8 21. Re1 Rf4+ 22. Kg2 Qc6+ 23. Re4 Qxc2+ 24. Kh1 Rxe4 25. Be7 Qc6 26. Qf3
gxf3 27. dxe4 Qxe4 28. Bxd6 f2+ 29. Rg2 Qe1+ 30. Rg1 Qxg1# 0-1

[Event "Challenge"]
[Site "http://www.queenalice.com/game.php?id=914901"]
[Date "2011.3.20"]
[Round "-"]
[White "beejay"]
[Black "kadallinn"]
[Result "0-1"]
[WhiteElo "1722"]
[BlackElo "1550"]

1. e4 c5 2. Bc4 Nc6 3. Qf3 Ne5 4. Qh5 Nxc4 5. Qxc5 d5 6. exd5 Nb6 7. c4 e6 8.
Nc3 Bxc5 9. Nf3 exd5 10. cxd5 Nxd5 11. Ne4 Ngf6 12. Nxc5 Qe7+ 13. Ne5 Qxe5+ 14.
Kd1 O-O 15. d3 Re8 16. Kc2 Nb4+ 17. Kb3 Qxc5 18. Bd2 a5 19. Rac1 Be6+ 20. Ka4
Bd7+ 21. Kb3 a4+ 22. Ka3 Nc2# 0-1

[Event "Challenge"]
[Site "http://www.queenalice.com/game.php?id=914911"]
[Date "2011.3.20"]
[Round "-"]
[White "kadallinn"]
[Black "beejay"]
[Result "0-1"]
[WhiteElo "1562"]
[BlackElo "1698"]

1. e4 e5 2. Nf3 Nc6 3. Nc3 Nf6 4. Ng5 h6 5. d3 hxg5 6. Bxg5 Be7 7. Nb5 a6 8. Nc3
d5 9. Ne2 Be6 10. f4 dxe4 11. fxe5 Nxe5 12. Nf4 Bg4 13. Qd2 exd3 14. cxd3 Nc6
15. Rc1 Nh7 16. Ng6 Bxg5 17. Nf4 O-O 18. g3 Nd4 19. Qe3 Re8 20. Kd2 Rxe3 21.
Kxe3 Qf6 22. h4 Nf5+ 23. Kd2 Qxb2+ 24. Rc2 Bxf4+ 25. gxf4 Qb4+ 26. Kc1 Re8 27.
Bg2 Ne3 28. Re1 Qxe1+ 0-1

[Event "Challenge"]
[Site "http://www.queenalice.com/game.php?id=929414"]
[Date "2011.4.23"]
[Round "-"]
[White "beejay"]
[Black "kadallinn"]
[Result "0-1"]
[WhiteElo "1635"]
[BlackElo "1534"]

1. e4 e5 2. Nf3 Nc6 3. Bc4 Nf6 4. d3 Bc5 5. O-O Ng4 6. h3 Bxf2+ 7. Rxf2 Nxf2 8.
Kxf2 d6 9. Bxf7+ Kxf7 10. Ng5+ Ke8 11. Nc3 Nd4 12. Be3 c5 13. Bxd4 exd4 14. Nd5
Qxg5 15. Kg1 Bxh3 16. Qf3 Kd7 17. Qf7+ Kd8 18. Qc7+ Ke8 19. Nf4 Qxf4 20. Rf1
Qe3+ 21. Kh1 Bxg2+ 22. Kxg2 Rf8 23. Qxg7 Qe2+ 24. Kg3 Qxf1 25. e5 Qf4+ 26. Kh3
dxe5 27. Qxb7 Qh6+ 28. Kg2 Qd2+ 29. Kh3 Qe3+ 30. Kh4 Qf2+ 31. Kg5 Qf4+ 32. Kh5
Rf5# 0-1

[Event "Challenge"]
[Site "http://www.queenalice.com/game.php?id=929415"]
[Date "2011.4.23"]
[Round "-"]
[White "kadallinn"]
[Black "beejay"]
[Result "1-0"]
[WhiteElo "1512"]
[BlackElo "1669"]

1. e4 e5 2. Bc4 Qf6 3. Nf3 Bc5 4. d3 h6 5. Nc3 Nc6 6. Nd5 Qd6 7. c3 b6 8. b4
Bxf2+ 9. Kxf2 Nf6 10. Rf1 Bb7 11. Ba3 Ne7 12. Qb3 Ng4+ 13. Kg1 Bxd5 14. exd5 Ne3
15. Rfe1 Qg6 16. Rxe3 Nf5 17. Rxe5+ Kd8 18. b5 Re8 19. Rae1 Rxe5 20. Rxe5 Nd6
21. Qb4 Kc8 22. Qa4 f6 23. Re7 Nf5 24. Ne5 Ne3 25. Nxg6 a5 26. d6 c5 27. Rxe3
Kb7 28. Bd5+ 1-0

[Event "Challenge"]
[Site "http://www.queenalice.com/game.php?id=944466"]
[Date "2011.5.31"]
[Round "-"]
[White "kleberrocha"]
[Black "kadallinn"]
[Result "1/2-1/2"]
[WhiteElo "1477"]
[BlackElo "1568"]

1. b4 e5 2. b5 Bc5 3. e3 Nf6 4. Bc4 Ne4 5. Qf3 d5 6. Bd3 Ng5 7. Qg3 e4 8. Qe5+
Be6 9. Qxg7 Kd7 10. Be2 Kc8 11. Ba3 Rg8 12. Qc3 Bb6 13. h4 d4 14. exd4 Bxd4 15.
Qb4 Qf6 16. f3 Bxa1 17. c3 Qf4 18. hxg5 Qxg5 19. g4 Rd8 20. fxe4 Bxg4 21. Rxh7
a5 22. Qc4 Be6 23. Qc5 Qg3+ 24. Kf1 Nd7 25. Qe7 b6 26. d4 Qf4+ 27. Nf3 Bg4 28.
Rxf7 Bh3+ 29. Kf2 Qg4 30. Rg7 Qh5 31. Ne5 Qe8 32. Kg3 Qxe7 33. Rxe7 Kb7 34. d5
Rh8 35. Nxd7 Rag8+ 36. Kf4 Rg1 37. Bd3 Rd1 38. Ke3 Bf1 39. Nd2 Bxd3 40. Kxd3 Rh2
41. Bd6 Rdxd2+ 42. Kc4 Rh6 43. Bf4 Rhh2 44. Bxh2 Rxh2 45. d6 Rc2 46. Kb3 Rb2+
47. Kc4 Kc8 48. Kd5 Kb7 49. dxc7 Kxc7 50. Nc5+ Kd8 51. Rd7+ Ke8 52. Ke6 bxc5 53.
c4 Rb4 54. Re7+ Kd8 55. Rd7+ Kc8 56. Kd6 Rxc4 57. Kc6 Rxe4 58. b6 Re6+ 59. Rd6
Re7 60. Kxc5 a4 61. Kc6 Be5 62. b7+ Rxb7 63. Re6 Rc7+ 64. Kd5 Bb2 65. Re8+ Kd7
66. Re6 a3 67. Re2 1/2-1/2

[Event "Challenge"]
[Site "http://www.queenalice.com/game.php?id=983551"]
[Date "2011.9.10"]
[Round "-"]
[White "kadallinn"]
[Black "jamesxirb"]
[Result "1-0"]
[WhiteElo "1554"]
[BlackElo "1497"]

1. e4 e5 2. d3 d5 3. Nf3 f6 4. Nc3 d4 5. Nd5 c6 6. Nb4 Bxb4+ 7. Nd2 g6 8. c4 f5
9. a3 Bd6 10. b4 c5 11. Rb1 Qd7 12. b5 b6 13. a4 f4 14. Be2 g5 15. Bh5+ Kd8 16.
f3 a6 17. O-O axb5 18. cxb5 Nf6 19. Nc4 Bc7 20. Bg4 Qe8 21. Bf5 Bxf5 22. exf5
Nd5 23. Qc2 h5 24. Bd2 Qd7 25. Rfe1 Qxf5 26. a5 bxa5 27. b6 Nc3 28. bxc7+ Kxc7
29. Rxe5 Qf6 30. Rxc5+ Nc6 31. Rb6 Ne2+ 32. Kf1 Rhf8 33. Rbxc6+ Qxc6 34. Rxc6+
Kd7 35. Ne5+ Kd8 36. Rd6+ Ke8 37. Qc7 Rf5 38. Qd7+ Kf8 39. Qxf5+ Ke8 40. Qe6+
Kf8 41. Qh6+ Ke7 42. Qe6+ Kf8 43. Ng6+ Kg7 44. Rd7+ Kh6 45. Nxf4# 1-0

[Event "Challenge"]
[Site "http://www.queenalice.com/game.php?id=993951"]
[Date "2011.10.6"]
[Round "-"]
[White "kadallinn"]
[Black "jamesxirb"]
[Result "1-0"]
[WhiteElo "1564"]
[BlackElo "1490"]

1. e4 d5 2. d3 d4 3. Nf3 c5 4. Ne5 Nh6 5. Qf3 f6 6. Nc4 e5 7. Bd2 b6 8. Be2 g5
9. O-O g4 10. Qg3 f5 11. Qxe5+ Be6 12. Qxh8 Bg8 13. exf5 Nd7 14. Bxh6 Nf6 15.
Bg5 Be7 16. Bxg4 Kf8 17. Bh5 Nxh5 18. Bh6+ Kf7 19. Qe5 b5 20. f6 Nxf6 21. Re1
bxc4 22. dxc4 Bd6 23. Qf5 Qc7 24. Na3 Bxh2+ 25. Kf1 Rd8 26. Re6 Rd6 27. Qxf6#
1-0

[Event "Challenge"]
[Site "http://www.queenalice.com/game.php?id=998000"]
[Date "2011.10.16"]
[Round "-"]
[White "kadallinn"]
[Black "beejay"]
[Result "0-1"]
[WhiteElo "1588"]
[BlackElo "1635"]

1. e4 e5 2. Bc4 d6 3. Qf3 Be6 4. d3 Nc6 5. Ne2 Nf6 6. Be3 Nb4 7. Bb3 Bxb3 8. Na3
Bxc2 9. d4 Bxe4 10. Qg3 Nd3+ 11. Kd2 Nxb2 12. Rhc1 Bd3 13. Nc3 Na4 14. Qh3 Nxc3
15. Kxd3 Ncd5 16. g3 Nb4+ 17. Ke2 exd4 18. Bxd4 Qe7+ 19. Kf1 Nd3 20. Rd1 Kd8 21.
Rxd3 Qe4 22. Rad1 Nd5 23. Nc4 Be7 24. Bxg7 Re8 25. Rd4 Qh1+ 26. Ke2 Bg5+ 27. Ne3
Nc3+ 28. Kd2 Qxd1+ 29. Kxc3 Qe1+ 30. Rd2 Qa1+ 31. Kc2 Qxg7 32. f4 Rxe3 33. fxg5
Qc3+ 34. Kd1 Qa1+ 35. Kc2 Rc3# 0-1

[Event "Challenge"]
[Site "http://www.queenalice.com/game.php?id=1000283"]
[Date "2011.10.22"]
[Round "-"]
[White "kadallinn"]
[Black "jamesxirb"]
[Result "1-0"]
[WhiteElo "1577"]
[BlackElo "1454"]

1. e4 d5 2. Qf3 d4 3. Bc4 Nh6 4. e5 e6 5. Ne2 c6 6. c3 dxc3 7. bxc3 b5 8. Bb3
Nd7 9. d4 a5 10. a4 Bb7 11. O-O f5 12. Nf4 Rb8 13. Nxe6 Qe7 14. Bxh6 g6 15. Nd2
c5 16. Nc7+ Kd8 17. Nd5 Bxh6 18. Qe2 c4 19. Nxe7 Kxe7 20. Ba2 Bd5 21. Rae1 bxa4
22. Nxc4 Rhc8 23. Ne3 Bb7 24. Qb5 Rxc3 25. Qxa5 Ra8 26. Qxc3 f4 27. Qb4+ Kd8 28.
Qxb7 fxe3 29. Qxa8+ Ke7 30. Qxa4 exf2+ 31. Rxf2 Bd2 32. Rf7+ Ke8 33. Qa8+ Nb8
34. Qxb8# 1-0